[Event "POL-chT3"]
[Site "Jastrzebia Gora POL"]
[Date "2016.09.07"]
[Round "5.42"]
[White "Sosnowska, Elzbieta"]
[Black "Olechnicka, Karolina"]
[Result "0-1"]
[WhiteElo "1867"]
[BlackElo "1887"]
[EventDate "2016.09.02"]

1.e4 c5 2.Nf3 d6 3.d4 cxd4 4.Nxd4 Nf6 5.Nc3 a6 6.f4 e5 7.Nf3 Qc7 8.Bd3 
Nbd7 9.a4 Be7 10.O-O O-O 11.Kh1 Nc5 12.Qe1 Bd7 13.fxe5 dxe5 14.Bg5 Rfe8 
15.Bxf6 Nxd3 16.cxd3 Bxf6 17.Nd5 Qd6 18.Qg3 Bd8 19.d4 f6 20.dxe5 fxe5 21.
Nh4 Bxh4 22.Qxh4 Bc6 23.Rad1 Rad8 24.Nc3 Qc7 25.Rxd8 Qxd8 26.Qh5 Rf8 27.
Rd1 Qf6 28.Qe2 Qf2 29.Qc4+ Kh8 30.b3 h6 31.h3 Qc2 32.Rg1 Rf4 33.Rd1 Rf8 
34.Rg1 Rf2 35.Rd1 Kh7 36.Rg1 Bd7 37.Kh2 Qd2 38.Nd1 Rf6 39.Qc3 Qf4+ 40.Qg3 
Qxe4 41.Nc3 Qf4 42.Nd5 Qxg3+ 43.Kxg3 Rd6 44.Rd1 Bf5 45.Kf3 Bc2 46.Rd2 Bxb3
47.Ke4 Rxd5 48.Rxd5 Bxd5+ 49.Kxd5 b5 50.axb5 axb5 51.Kxe5 Kg6 52.g3 b4 53.
Kd4 Kf5 54.Kd3 b3 55.Kc3 Ke4 0-1

[Event "POL-chT3"]
[Site "Jastrzebia Gora POL"]
[Date "2016.09.07"]
[Round "5.43"]
[White "Rudolf, Michal"]
[Black "Walter, Szymon"]
[Result "1/2-1/2"]
[WhiteElo "2339"]
[BlackElo "2261"]
[EventDate "2016.09.02"]

1.e4 c5 2.c3 d5 3.exd5 Qxd5 4.d4 Nf6 5.Na3 cxd4 6.Nb5 Na6 7.Qxd4 Qxd4 8.
Nxd4 e5 9.Nb5 Nd5 10.Nf3 f6 11.Bc4 Be6 12.Bb3 Kf7 13.O-O Bc5 14.Nd2 Rhd8 
15.Ne4 Be7 16.Rd1 Nc5 17.Nxc5 Bxc5 18.Bd2 Rac8 19.Be1 a6 20.Na3 Bxa3 21.
Bxd5 Bxd5 22.bxa3 b5 23.f3 Ke6 24.Kf2 Bc4 25.a4 bxa4 26.a3 Bb3 27.Rxd8 
Rxd8 28.Rc1 Rc8 29.c4 Bxc4 30.Bb4 Rc6 31.Ke3 g5 32.g3 f5 33.f4 h6 34.Bf8 
g4 1/2-1/2

[Event "POL-chT3"]
[Site "Jastrzebia Gora POL"]
[Date "2016.09.07"]
[Round "5.44"]
[White "Dzierzak, Radoslaw"]
[Black "Warszawski, Bartosz"]
[Result "1-0"]
[WhiteElo "2204"]
[BlackElo "2223"]
[EventDate "2016.09.02"]

1.e4 c5 2.Nf3 e6 3.d4 cxd4 4.Nxd4 Nc6 5.Nc3 Qc7 6.Be2 a6 7.O-O b5 8.Nxc6 
dxc6 9.Be3 Bb7 10.f4 Be7 11.Qe1 c5 12.Qf2 Nf6 13.e5 Nd5 14.Nxd5 Bxd5 15.c4
bxc4 16.Rfc1 O-O 17.Bxc4 Bb7 18.Bf1 Rfd8 19.b4 Qd7 20.bxc5 Qd5 21.Rab1 Qe4
22.Rb6 Bd5 23.c6 Bh4 24.Qe2 Bxa2 25.c7 Rdc8 26.g3 Bd5 27.gxh4 Qh1+ 28.Kf2 
Qxh2+ 29.Ke1 Qxh4+ 30.Qf2 Qe7 31.Qb2 Qh4+ 32.Kd2 Qh2+ 33.Kd3 Qh1 34.Rb8 h5
35.Rxa8 Bxa8 36.Qd4 Bd5 37.Kd2 Rxc7 38.Rxc7 Qxf1 39.Rc8+ Kh7 40.Qd3+ 1-0

[Event "POL-chT3"]
[Site "Jastrzebia Gora POL"]
[Date "2016.09.07"]
[Round "5.45"]
[White "Chalupnik, Marcin"]
[Black "Kastelik, Adrian"]
[Result "1/2-1/2"]
[WhiteElo "2191"]
[BlackElo "2114"]
[EventDate "2016.09.02"]

1.c4 e5 2.Nc3 Nf6 3.g3 d5 4.cxd5 Nxd5 5.Bg2 Nb6 6.Nf3 Nc6 7.d3 Be7 8.O-O 
O-O 9.a3 Re8 10.b4 Bf8 11.Bb2 a5 12.b5 Nd4 13.e3 Nxf3+ 14.Bxf3 a4 15.Rc1 
f6 16.Qc2 Ra7 17.Rfd1 Be6 18.Qb1 Bb3 19.Re1 Kh8 20.h4 Re7 21.Be4 Qd7 22.d4
Nc4 23.Bxh7 Nd2 24.Qd3 Nf3+ 25.Kg2 Nxe1+ 26.Rxe1 exd4 27.Ne4 dxe3 28.Qxe3 
Kxh7 29.Qxa7 Rxe4 30.Rxe4 Bd5 31.f3 Qxb5 32.Qd4 Bxe4 33.Qxe4+ Kh8 34.Bc1 
Qb3 35.Qe8 Qc2+ 36.Kh3 Qxc1 37.Qxf8+ Kh7 38.Qe8 Qxa3 39.Qh5+ Kg8 40.Qe8+ 
Qf8 41.Qxa4 c5 42.Qc4+ Kh8 43.g4 Qe7 44.Qd5 g6 45.g5 fxg5 46.hxg5 b5 47.
Kg4 Kg7 48.f4 b4 49.Qh1 Qe2+ 50.Kg3 Qd3+ 51.Kg4 Qf5+ 52.Kg3 b3 53.Qa1+ Kf7
54.Qa7+ Ke6 55.Qb6+ Kd7 56.Qb7+ Kd6 57.Qb6+ Kd5 58.Qxb3+ Kc6 59.Qa4+ Kd6 
60.Qc4 Qe6 1/2-1/2

[Event "POL-chT3"]
[Site "Jastrzebia Gora POL"]
[Date "2016.09.07"]
[Round "5.46"]
[White "Mucha, Piotr"]
[Black "Rams, Michal"]
[Result "0-1"]
[WhiteElo "2161"]
[BlackElo "2199"]
[EventDate "2016.09.02"]

1.e4 g6 2.d4 Bg7 3.Nc3 d6 4.f4 a6 5.Nf3 b5 6.Bd3 Nd7 7.e5 c5 8.Ng5 cxd4 9.
e6 f5 10.Nd5 Nc5 11.Nf7 Bxe6 12.Nxd8 Bxd5 13.O-O Rxd8 14.Bd2 Nf6 15.Re1 
Nfe4 16.Qe2 O-O 17.Bb4 Rc8 18.b3 Bf6 19.a4 Nxd3 20.Qxd3 Nc3 21.axb5 Be4 
22.Qf1 Nd5 23.Bd2 axb5 24.Qxb5 Rc5 25.Qd7 Rxc2 26.Rxe4 fxe4 27.Qe6+ Kg7 
28.Qxd5 Rxd2 29.Qxe4 Rc8 30.g4 h6 31.h4 Bxh4 32.g5 Rc7 33.Rf1 hxg5 34.f5 
Rcc2 35.Qxe7+ Kh6 36.Qxd6 Kh5 37.Qd5 Bf2+ 38.Rxf2 Rxf2 39.fxg6 Rfd2 40.
Qf3+ Kxg6 41.Qf1 Rg2+ 42.Qxg2 Rxg2+ 43.Kxg2 d3 44.Kf2 g4 0-1

[Event "POL-chT3"]
[Site "Jastrzebia Gora POL"]
[Date "2016.09.07"]
[Round "5.47"]
[White "Kaim, Piotr"]
[Black "Faron, Rafal"]
[Result "1/2-1/2"]
[WhiteElo "2158"]
[BlackElo "2062"]
[EventDate "2016.09.02"]

1.d4 d5 2.c4 dxc4 3.e3 e5 4.Bxc4 exd4 5.exd4 Nf6 6.Qb3 Qe7+ 7.Ne2 Qb4+ 8.
Nbc3 Qxb3 9.Bxb3 c6 10.Bg5 Be7 11.O-O-O O-O 12.Rhe1 Bd8 13.Ng3 Na6 14.Nge4
Nxe4 15.Nxe4 Bf5 16.Bxd8 Raxd8 17.Ng5 Rd7 18.Nxf7 Rdxf7 19.Re7 Nb4 20.
Bxf7+ Rxf7 21.Re8+ Rf8 22.Rxf8+ Kxf8 23.Kd2 Ke7 24.g4 Be6 25.a3 Nd5 26.f3 
Kd6 27.Re1 Nb6 28.Kc3 Nd5+ 29.Kd2 Nb6 30.Kc3 Nd5+ 1/2-1/2

[Event "POL-chT3"]
[Site "Jastrzebia Gora POL"]
[Date "2016.09.07"]
[Round "5.48"]
[White "Binkowska, Agata"]
[Black "Bednarska-bzdega, Malgorzata"]
[Result "0-1"]
[WhiteElo "1776"]
[BlackElo "2010"]
[EventDate "2016.09.02"]

1.d4 Nf6 2.Bg5 Ne4 3.Bh4 c5 4.Nd2 Nxd2 5.Qxd2 cxd4 6.Nf3 Nc6 7.Nxd4 Qb6 8.
Nb3 g6 9.f3 Bg7 10.Bf2 Qc7 11.c3 O-O 12.e4 d6 13.Be2 f5 14.exf5 Bxf5 15.
O-O Rad8 16.Nd4 Nxd4 17.cxd4 Rc8 18.Rac1 Qd7 19.Bc4+ d5 20.Bb3 b6 21.Bh4 
h6 22.Bf2 Kh7 23.Be3 Be6 24.Bc2 Rc7 25.g4 Rfc8 26.Qd3 Bf7 27.Rf2 Kg8 28.
Rcf1 Rf8 29.h4 Be8 30.h5 Rf6 31.g5 hxg5 32.Bxg5 Rf5 33.Rg2 Rc4 34.Be3 Rxh5
35.b3 Rc8 36.Qd2 Qh3 37.Bb1 Qh1+ 38.Kf2 Qh4+ 39.Kg1 Qh1+ 40.Kf2 Qh4+ 41.
Kg1 Rc6 42.Rd1 Bh6 43.Bxh6 Rxh6 44.Rh2 Qxh2+ 45.Qxh2 Rxh2 46.Kxh2 Kg7 47.
Kg3 Kf6 48.Rh1 Bd7 49.Kf4 Rc3 50.Rh6 Be8 51.Rh1 a5 52.Rg1 b5 53.Rg2 b4 54.
Rg1 g5+ 55.Rxg5 Rxf3+ 56.Kxf3 Kxg5 0-1

[Event "POL-chT3"]
[Site "Jastrzebia Gora POL"]
[Date "2016.09.07"]
[Round "5.50"]
[White "Maciol, Ryszard"]
[Black "Marszalek, Maciej"]
[Result "0-1"]
[WhiteElo "2130"]
[BlackElo "2318"]
[EventDate "2016.09.02"]

1.d4 Nf6 2.c4 g6 3.Nc3 Bg7 4.e4 d6 5.Nge2 O-O 6.f3 c5 7.d5 e6 8.Bg5 exd5 
9.cxd5 a6 10.a4 Nbd7 11.Ng3 Re8 12.Be2 h6 13.Bf4 Qe7 14.Qd2 Qf8 15.O-O Nh7
16.Rae1 h5 17.Nh1 Ne5 18.Nf2 Bd7 19.a5 Rab8 20.Ra1 f5 21.h3 Qf6 22.Be3 Rf8
23.f4 Nf7 24.e5 dxe5 25.fxe5 Nxe5 26.Nfe4 Qh4 27.Nxc5 Rbe8 28.Rf4 Qg3 29.
Rb4 Ng4 30.Bxg4 Rxe3 31.Nxd7 Rfe8 32.Ne2 Qd6 33.Ra3 Rxa3 34.bxa3 hxg4 35.
Rxb7 gxh3 36.Nf4 h2+ 37.Kh1 Bh6 38.g3 Bxf4 39.gxf4 Qxa3 40.Rb8 Qf3+ 41.
Kxh2 Rxb8 42.Nxb8 Nf6 43.Kg1 Ne4 44.Qg2 Qe3+ 45.Kh1 Nf2+ 46.Kg1 Ng4+ 47.
Kh1 Qe1+ 48.Qg1 Qe4+ 49.Qg2 Qb1+ 50.Qg1 Qxb8 0-1

[Event "POL-chT3"]
[Site "Jastrzebia Gora POL"]
[Date "2016.09.07"]
[Round "5.51"]
[White "Kuciel, Wladyslaw"]
[Black "Fudalej, Grzegorz"]
[Result "1-0"]
[WhiteElo "1928"]
[BlackElo "2137"]
[EventDate "2016.09.02"]

1.d4 g6 2.c4 Bg7 3.e4 d6 4.Nc3 e5 5.Be3 c6 6.f3 f5 7.Qd2 Qe7 8.O-O-O Nf6 
9.h3 Na6 10.Bd3 f4 11.Bf2 Nh5 12.Nge2 O-O 13.Kb1 Bd7 14.c5 dxc5 15.dxc5 
Nc7 16.Bc4+ Be6 17.Bxe6+ Nxe6 18.Qd7 Kf7 19.Qxe7+ Kxe7 20.Nc1 Rfd8 21.Nb3 
Bf8 22.Na5 Rab8 23.Rhe1 Nf6 24.Nc4 Nd7 25.b4 b6 26.cxb6 axb6 27.b5 cxb5 
28.Nxb5 Kf6 29.Rd5 Bc5 30.Bxc5 bxc5 31.a4 Nd4 32.Rd1 Ra8 33.Nc3 Rdb8+ 34.
Ka2 Rb4 35.Nd6 Nb6 36.Nc4 Nd7 37.Rd6+ 1-0

[Event "POL-chT3"]
[Site "Jastrzebia Gora POL"]
[Date "2016.09.07"]
[Round "5.52"]
[White "Piotrowski, Przemyslaw"]
[Black "Olesiak, Marcin"]
[Result "1-0"]
[WhiteElo "2252"]
[BlackElo "1997"]
[EventDate "2016.09.02"]

1.Nf3 Nf6 2.g3 d5 3.Bg2 c6 4.O-O Bf5 5.d3 h6 6.Nfd2 e5 7.e4 dxe4 8.dxe4 
Bg4 9.Qe1 Bc5 10.Nc4 Qe7 11.c3 Qe6 12.Ne3 Bh3 13.b4 Bxe3 14.Qxe3 Bxg2 15.
Kxg2 Nbd7 16.Nd2 g5 17.Bb2 Nf8 18.c4 Ng6 19.c5 Rg8 20.Qb3 Qg4 21.f3 Qh5 
22.Nc4 O-O-O 23.Rad1 g4 24.Rxd8+ Rxd8 25.Nd6+ Kb8 26.f4 Rd7 27.f5 Qh3+ 28.
Kg1 Nf4 29.gxf4 1-0

[Event "POL-chT3"]
[Site "Jastrzebia Gora POL"]
[Date "2016.09.07"]
[Round "5.53"]
[White "Popiol, Michal"]
[Black "Dadello, Aleksandra"]
[Result "1-0"]
[WhiteElo "1959"]
[BlackElo "2005"]
[EventDate "2016.09.02"]

1.d4 d5 2.c4 dxc4 3.e4 Nf6 4.Nc3 e5 5.d5 c6 6.Bxc4 b5 7.Bb3 b4 8.Na4 cxd5 
9.exd5 Bd6 10.Be3 Nbd7 11.Rc1 Bb7 12.h3 O-O 13.Nf3 Qa5 14.Nd2 Bxd5 15.Nc4 
Bxc4 16.Rxc4 Be7 17.O-O Nd5 18.Bd2 Rfd8 19.Qe2 Qb5 20.Qf3 N7f6 21.Re1 Bd6 
22.Bg5 Re8 23.Qg3 Re6 24.Rec1 Qd7 25.Bxf6 Nxf6 26.Rd1 a5 27.Nc5 Qe7 28.
Nxe6 fxe6 29.Rc6 Rd8 30.Qd3 Ne8 31.Qc4 Kf7 32.Ra6 Nc7 33.Rxa5 Nd5 34.Qe4 
Nf6 35.Qe3 Bc7 36.Rxd8 Qxd8 37.Ra6 Nd5 38.Qf3+ Ke7 39.Qe4 h6 40.Qg6 Qg8 
41.Qe4 Bd6 42.Qc4 Qe8 43.Qg4 g6 44.Ra7+ Kf8 45.Bxd5 exd5 46.Qf3+ 1-0

[Event "POL-chT3"]
[Site "Jastrzebia Gora POL"]
[Date "2016.09.07"]
[Round "5.54"]
[White "Zmarzly, Aleksandra"]
[Black "Wesolowska, Hanna"]
[Result "0-1"]
[WhiteElo "2011"]
[BlackElo "1890"]
[EventDate "2016.09.02"]

1.d4 d5 2.c4 e6 3.Nc3 Nf6 4.Bg5 Be7 5.e3 O-O 6.Qc2 c6 7.cxd5 exd5 8.Bd3 
Nbd7 9.Nge2 Re8 10.Ng3 h6 11.Bxf6 Nxf6 12.O-O Bd6 13.Bf5 Bxg3 14.hxg3 Qd6 
15.Rab1 Bxf5 16.Qxf5 Ne4 17.Nxe4 Rxe4 18.b4 a6 19.a4 g6 20.Qf3 Kg7 21.Rfc1
h5 22.b5 axb5 23.axb5 Rc8 24.bxc6 Rxc6 25.Rxc6 Qxc6 26.Qe2 Re7 27.Qb2 Rc7 
28.Qb4 Qc2 29.Qb6 Qc3 30.Qd6 Qc6 31.Qb4 Qc4 32.Qa5 Rd7 33.Qa7 Qc6 34.Qa5 
Rd6 35.Qa3 Qa6 36.Qb4 Rd7 37.Rc1 Qd6 38.Qb5 Kf6 39.Rc5 Ke6 40.Qb3 Ke7 41.
Rb5 Qc6 42.Qb4+ Ke8 43.Rc5 Qd6 44.Rc8+ Ke7 45.Qb5 Qa6 46.Qc5+ Qd6 47.Qc3 
Rd8 48.Rc5 Rd7 49.Rc8 Rd8 50.Rc7+ Rd7 51.Rc5 Rd8 52.Rb5 Rd7 53.Qb3 Qc6 54.
Rb6 Qc7 55.Qa3+ Ke8 56.Rb5 Qc6 57.Rc5 Qd6 58.Qa8+ Ke7 59.Rc8 Rc7 60.Rh8 
Kf6 61.Rh7 Re7 62.Qh8+ Ke6 63.Qc8+ Qd7 64.Qc2 b5 65.Rh8 Re8 66.Rh7 Rc8 67.
Qe2 b4 68.e4 Kd6 69.exd5 Kxd5 70.Qa2+ Rc4 71.Rh8 Qc7 72.Qa8+ Kxd4 73.Rd8+ 
Kc3 74.Rd1 b3 75.Qa3 Qc5 76.Rc1+ Kd2 0-1

[Event "POL-chT3"]
[Site "Jastrzebia Gora POL"]
[Date "2016.09.07"]
[Round "5.55"]
[White "Lisowski, Krzysztof"]
[Black "Pulik, Krzysztof"]
[Result "1/2-1/2"]
[WhiteElo "2106"]
[BlackElo "2171"]
[EventDate "2016.09.02"]

1.e4 e6 2.d4 d5 3.Nd2 Nf6 4.e5 Nfd7 5.Bd3 c5 6.c3 Nc6 7.Ndf3 Qc7 8.Ne2 
cxd4 9.cxd4 f6 10.exf6 Nxf6 11.O-O Bd6 12.g3 O-O 13.Bf4 Ng4 14.Qc1 Bd7 15.
h3 e5 16.dxe5 Ngxe5 17.Nxe5 Nxe5 18.Qxc7 Bxc7 19.Rac1 Bb8 20.Rfd1 Bxh3 21.
Bb5 Rd8 22.Ba4 Be6 23.Bb3 g5 24.Be3 h6 25.Kg2 Nf7 26.Nd4 Bg4 27.f3 Bh5 28.
Ne6 Re8 29.Bxd5 Be5 30.b3 a5 31.Bxb7 Rab8 32.Bd5 a4 33.bxa4 Kh8 34.a5 Nd6 
35.a6 Nf5 36.Bf2 Rb2 37.Kf1 Bxg3 38.Bd4+ Nxd4 39.Rxd4 Bxf3 40.Bxf3 Rf2+ 
41.Kg1 Rxf3 42.Ra4 Rf6 43.Nc7 Bf2+ 44.Kh1 Re2 45.a7 Bxa7 46.Rxa7 Rff2 47.
Nb5 Rh2+ 1/2-1/2

[Event "POL-chT3"]
[Site "Jastrzebia Gora POL"]
[Date "2016.09.07"]
[Round "5.56"]
[White "Kardys, Zbigniew"]
[Black "Migala, Andrzej"]
[Result "1/2-1/2"]
[WhiteElo "1986"]
[BlackElo "2014"]
[EventDate "2016.09.02"]

1.e4 c5 2.Nf3 d6 3.d4 cxd4 4.Qxd4 Nc6 5.Bb5 Bd7 6.Bxc6 Bxc6 7.Bg5 Nf6 8.
Nc3 e6 9.O-O-O Be7 10.Rhe1 O-O 11.e5 dxe5 12.Qh4 Qc7 13.Nxe5 Rfd8 14.Ng4 
Rxd1+ 15.Rxd1 Nxg4 16.Bxe7 Ne5 17.Bd6 Ng6 18.Bxc7 Nxh4 19.g3 Nf3 20.h4 Kf8
21.Ne2 Rc8 22.Bd6+ Ke8 23.Nd4 Nxd4 24.Rxd4 f6 25.b3 e5 26.Rd2 Rd8 27.Bc5 
a6 28.Rxd8+ Kxd8 29.a4 Kd7 30.Kd2 g6 1/2-1/2

[Event "POL-chT3"]
[Site "Jastrzebia Gora POL"]
[Date "2016.09.07"]
[Round "5.57"]
[White "Daniluk, Jerzy"]
[Black "Lewtak, Dominik"]
[Result "0-1"]
[WhiteElo "2100"]
[BlackElo "2095"]
[EventDate "2016.09.02"]

1.Nf3 d5 2.b3 c5 3.Bb2 Nc6 4.e3 Nf6 5.Bb5 e6 6.O-O Bd6 7.d4 Bd7 8.Nbd2 O-O
9.Be2 cxd4 10.exd4 Qc7 11.c4 Ne4 12.Rc1 Nxd2 13.Qxd2 Bf4 14.Qd3 Bxc1 15.
Rxc1 f6 16.Qd2 Rac8 17.Bd3 Be8 18.Ba3 Rf7 19.Qe3 Bd7 20.Bb1 Rd8 21.Qd3 g6 
22.Qe3 Bc8 23.Qh6 dxc4 24.bxc4 Qb6 25.Bc5 Qa5 26.Bxg6 hxg6 27.Qxg6+ Rg7 
28.Qxf6 b6 29.Ne5 Qd2 30.Rf1 bxc5 31.Nxc6 Re8 32.Nxa7 Rf8 0-1

[Event "POL-chT3"]
[Site "Jastrzebia Gora POL"]
[Date "2016.09.07"]
[Round "5.58"]
[White "Bielawski, Michal"]
[Black "Kupryjaniuk, Tomasz"]
[Result "1/2-1/2"]
[WhiteElo "2021"]
[BlackElo "1819"]
[EventDate "2016.09.02"]

1.d4 d5 2.Nf3 Nf6 3.c4 c6 4.Nc3 a6 5.e3 b5 6.cxd5 cxd5 7.Bd3 e6 8.O-O Nbd7
9.e4 b4 10.e5 bxc3 11.exf6 cxb2 12.fxg7 Bxg7 13.Bxb2 O-O 14.Ne5 f5 15.Ba3 
Re8 16.Re1 Nxe5 17.dxe5 Bf8 18.Bxf8 Rxf8 19.Rb1 Qc7 20.Re3 Bd7 21.g4 Bb5 
22.gxf5 Bxd3 23.Qxd3 Rxf5 24.Rbe1 Qf7 25.R1e2 Kh8 26.Rg3 Rf8 27.Qd4 Rf4 
28.Qb2 a5 29.Qb6 a4 30.Rc2 Qf5 31.Qc7 Rg4 32.Rb2 Rxg3+ 33.hxg3 1/2-1/2

[Event "POL-chT3"]
[Site "Jastrzebia Gora POL"]
[Date "2016.09.07"]
[Round "5.60"]
[White "Krzyzanowska-zadlo, Lidia"]
[Black "Kindler, Karolina"]
[Result "1/2-1/2"]
[WhiteElo "1848"]
[BlackElo "1717"]
[EventDate "2016.09.02"]

1.e4 c5 2.Nc3 e6 3.f4 d6 4.Nf3 Nf6 5.Bb5+ Bd7 6.Bxd7+ Qxd7 7.O-O Nc6 8.d3 
Be7 9.h3 O-O 10.g4 g6 11.Ne2 h5 12.g5 Ne8 13.Ng3 Ng7 14.Nh4 d5 15.e5 Rfd8 
16.c3 b5 17.b3 a5 18.Bd2 b4 19.Nf3 bxc3 20.Bxc3 Rdc8 21.h4 Rc7 22.Qe2 Qc8 
23.Rfd1 Qa6 24.Kg2 Qb6 25.Kh3 Rac8 26.Be1 Nd4 27.Qf2 Ngf5 28.Nxf5 Nxf5 29.
Qd2 Ra8 30.Bf2 Rac8 1/2-1/2

[Event "POL-chT3"]
[Site "Jastrzebia Gora POL"]
[Date "2016.09.07"]
[Round "5.61"]
[White "Helis, Tadeusz"]
[Black "Tomaszewski, Kacper"]
[Result "1/2-1/2"]
[WhiteElo "2241"]
[BlackElo "2185"]
[EventDate "2016.09.02"]

1.c4 Nf6 2.Nc3 d5 3.cxd5 Nxd5 4.Nf3 g6 5.g3 Bg7 6.Bg2 O-O 7.O-O c5 8.Nxd5 
Qxd5 9.d3 Nc6 10.Be3 Bd7 11.Qd2 Rac8 12.Bh6 b6 13.Rfc1 Na5 14.Bxg7 Kxg7 
15.Qc3+ f6 16.b3 e5 17.Qb2 Qd6 18.a3 Be6 19.Nd2 Nc6 20.Nc4 Qd4 21.Rab1 b5 
22.Nd2 Qxb2 23.Rxb2 Nd4 24.Bf1 Bd5 25.e3 Ne6 26.Rbc2 Bb7 27.Ne4 Bxe4 28.
dxe4 a6 29.a4 Rb8 30.axb5 axb5 31.Rd2 c4 32.bxc4 b4 33.c5 b3 34.c6 b2 35.
Rb1 Rb6 36.Rbxb2 Rxc6 37.Rb7+ Rc7 38.Rxc7+ Nxc7 39.Bc4 Kh6 40.Kg2 Rc8 41.
Rd7 Ne8 42.Be6 Rc7 43.Rd8 Re7 44.Bd5 Kg7 45.f4 Kh6 46.Kf3 Kg7 47.h4 h5 48.
Ke2 Kh7 49.Kd3 Kg7 50.Kc4 Rc7+ 51.Kb5 Re7 52.Kb6 f5 53.exf5 exf4 54.exf4 
gxf5 55.Kc5 Nf6 56.Kd4 Re1 57.Bf3 Rg1 1/2-1/2

[Event "POL-chT3"]
[Site "Jastrzebia Gora POL"]
[Date "2016.09.07"]
[Round "5.62"]
[White "Smolka, Marcin"]
[Black "Walkusz, Witoslaw"]
[Result "0-1"]
[WhiteElo "2184"]
[BlackElo "2140"]
[EventDate "2016.09.02"]

1.e4 e5 2.Nf3 Nc6 3.Nc3 Nf6 4.d4 exd4 5.Nxd4 Bb4 6.Nxc6 bxc6 7.Bd3 d5 8.
exd5 cxd5 9.O-O O-O 10.Bg5 c6 11.Qf3 Rb8 12.Qg3 Bd6 13.f4 Qb6+ 14.Kh1 Ne8 
15.Qf3 f5 16.b3 Ba6 17.Na4 Qa5 18.Rfe1 Bxd3 19.Qxd3 Nc7 20.Rad1 Rbe8 21.
Rxe8 Rxe8 22.Bh4 g6 23.Bf2 Bxf4 24.Qd4 Re4 25.Qxa7 Qxa7 26.Bxa7 Re2 27.g3 
Be5 28.Bb8 Rxc2 29.Nb6 Kf7 30.a4 Bd6 31.Nc8 Ke6 32.a5 Ra2 33.b4 Nb5 34.
Re1+ Kd7 35.Nb6+ Kd8 36.Bxd6 Nxd6 37.Re6 Ne4 38.Rxc6 d4 39.Rc8+ Ke7 40.
Nd5+ Kd7 41.Rc1 d3 42.Ne3 Re2 43.Nc4 d2 44.Nxd2 Rxd2 45.a6 Ra2 46.b5 Ra5 
47.b6 Rxa6 48.Rc7+ Kd6 49.Rxh7 Rxb6 50.Rh6 Ke5 51.Kg2 Rb2+ 52.Kf3 g5 53.
Ke3 Nf6 54.Kf3 Ng4 55.Rh7 Rf2# 0-1

[Event "POL-chT3"]
[Site "Jastrzebia Gora POL"]
[Date "2016.09.07"]
[Round "5.63"]
[White "Rawski, Slawomir"]
[Black "Wolynski, Krzysztof"]
[Result "1-0"]
[WhiteElo "2175"]
[BlackElo "2065"]
[EventDate "2016.09.02"]

1.d4 Nf6 2.Bg5 e6 3.e3 c5 4.c3 Be7 5.Nd2 O-O 6.Bd3 b6 7.f4 Bb7 8.Ngf3 Nc6 
9.O-O h6 10.Bh4 Nd5 11.Bxe7 Qxe7 12.Qe2 cxd4 13.Nxd4 Nxd4 14.exd4 f5 15.
Rae1 Qh4 16.Qf2 Qxf2+ 17.Rxf2 Nf6 18.Rfe2 Nd5 19.g3 Nf6 20.a4 g5 21.fxg5 
hxg5 22.Rf1 g4 23.Kf2 Kg7 24.Ke1 Rh8 25.Kd1 Rh3 26.Kc2 Rah8 27.Rff2 Nh7 
28.Nc4 Ng5 29.Ne5 d6 30.Nc4 Bf3 31.Rd2 Rd8 32.b4 Rh5 33.Ne3 Nh3 34.Rf1 Kf6
35.c4 e5 36.Kc3 f4 37.gxf4 exf4 38.Ng2 Kg5 39.Ne1 Bc6 40.d5 Bd7 41.b5 Re8 
42.Nc2 Kh4 43.Bg6 f3 44.Bxe8 Bxe8 45.Nd4 Re5 46.Nc6 Re3+ 47.Kd4 Ra3 48.
Nxa7 Bg6 49.Nc8 Nf4 50.Nxd6 Ne2+ 51.Rxe2 fxe2 52.Re1 Rd3+ 53.Ke5 Ra3 54.
Kf6 Kh3 55.a5 bxa5 56.b6 1-0

[Event "POL-chT3"]
[Site "Jastrzebia Gora POL"]
[Date "2016.09.07"]
[Round "5.64"]
[White "Klementowski, Dawid"]
[Black "Cichon, Michal"]
[Result "1/2-1/2"]
[WhiteElo "1928"]
[BlackElo "2021"]
[EventDate "2016.09.02"]

1.c4 e5 2.g3 c5 3.Bg2 g6 4.Nc3 Bg7 5.e3 Ne7 6.Nge2 O-O 7.O-O Nbc6 8.Rb1 d6
9.a3 a5 10.d3 f5 11.f4 Kh8 12.Nd5 Nxd5 13.cxd5 Ne7 14.b4 axb4 15.axb4 b6 
16.bxc5 bxc5 17.fxe5 Bxe5 18.Bb2 Bxb2 19.Rxb2 Ra3 20.Rb3 Qa5 21.Rxa3 Qxa3 
22.Qa1+ Qxa1 23.Rxa1 Bb7 24.Ra7 Rb8 25.Nc3 Nc8 26.Ra5 Ra8 27.Rxa8 Bxa8 28.
e4 Kg7 29.Kf2 Bb7 30.Ke3 fxe4 1/2-1/2

[Event "POL-chT3"]
[Site "Jastrzebia Gora POL"]
[Date "2016.09.07"]
[Round "5.65"]
[White "Drzazga, Rafal"]
[Black "Cieslak, Patrycjusz"]
[Result "1/2-1/2"]
[WhiteElo "2068"]
[BlackElo "1919"]
[EventDate "2016.09.02"]

1.e4 e5 2.Nc3 Nf6 3.Bc4 Bc5 4.d3 Nc6 5.Be3 Bxe3 6.fxe3 d6 7.Nf3 O-O 8.O-O 
Na5 9.Bb3 Nxb3 10.axb3 c6 11.d4 Qe7 12.Qe2 a6 13.Nd2 Bg4 14.Qf2 Rae8 15.
Qh4 Bd7 16.Rf3 Ng4 17.Qxe7 Rxe7 18.d5 c5 19.Nc4 f5 20.Nxd6 fxe4 21.Rxf8+ 
Kxf8 22.Ncxe4 Nxe3 23.Nxc5 Nxd5 24.Rf1+ Kg8 25.Re1 Bc6 26.Nc4 e4 27.Nxe4 
Re6 28.Ncd6 Nb4 29.Re2 Bxe4 30.Rxe4 Rxe4 31.Nxe4 Nxc2 32.Nc5 Kf7 1/2-1/2

[Event "POL-chT3"]
[Site "Jastrzebia Gora POL"]
[Date "2016.09.07"]
[Round "5.66"]
[White "Dziodzio, Angelika"]
[Black "Mikulewicz, Joanna"]
[Result "1/2-1/2"]
[WhiteElo "2064"]
[BlackElo "2075"]
[EventDate "2016.09.02"]

1.e4 c5 2.Nf3 d6 3.d4 cxd4 4.Nxd4 Nf6 5.Nc3 a6 6.Be2 e6 7.Be3 Be7 8.O-O 
O-O 9.f4 Nc6 10.a4 Qc7 11.Qe1 Nxd4 12.Bxd4 e5 13.Be3 exf4 14.Bxf4 Be6 15.
Qg3 Nd7 16.Bh6 Qc5+ 17.Kh1 Qe5 18.Bf4 Qc5 19.Bh6 Qe5 20.Bf4 Qc5 21.Nd5 
Bxd5 22.exd5 Rfe8 23.c4 Bh4 24.Qxh4 Rxe2 25.b3 Rae8 26.Qg3 Ne5 27.Rae1 
Rxe1 28.Rxe1 f6 29.h3 Qb4 30.Re2 Qc5 31.Be3 Qb4 32.Bd2 Qc5 33.Be3 Qb4 34.
Bd2 Qc5 1/2-1/2

[Event "POL-chT3"]
[Site "Jastrzebia Gora POL"]
[Date "2016.09.07"]
[Round "5.67"]
[White "Sadowski, Miroslaw"]
[Black "Paprocki, Jaroslaw"]
[Result "0-1"]
[WhiteElo "2100"]
[BlackElo "2195"]
[EventDate "2016.09.02"]

1.d4 Nf6 2.Nf3 e6 3.Bf4 c5 4.e3 cxd4 5.exd4 b6 6.Bd3 Bb7 7.Nbd2 Be7 8.O-O 
O-O 9.h3 d6 10.c3 Nbd7 11.Re1 Qc7 12.Rc1 Rfe8 13.Qe2 Bf8 14.Bg3 a6 15.Ne4 
Qc6 16.c4 Nxe4 17.Bxe4 Qxe4 18.Qxe4 Bxe4 19.Rxe4 d5 20.cxd5 Nf6 21.Re2 
Nxd5 22.a3 b5 23.Rc6 a5 24.Re1 Red8 25.Bh4 Rd7 26.Rec1 Nf4 27.R1c2 b4 28.
Rc8 Rxc8 29.Rxc8 f6 30.axb4 axb4 31.Kh2 Kf7 32.Bg3 Ne2 33.Rc4 g5 34.Bb8 h5
35.g3 g4 36.hxg4 hxg4 37.Nh4 Nxd4 38.Bf4 e5 39.Be3 Ke6 40.Kg2 f5 41.Ng6 
Bg7 42.Rxb4 Nf3 43.Kf1 Kf7 44.Nh4 Rd1+ 45.Ke2 Re1+ 46.Kd3 e4+ 47.Kc2 Nxh4 
48.gxh4 g3 49.fxg3 Rxe3 50.g4 Re2+ 51.Kd1 Rxb2 52.Rc4 fxg4 53.Rxe4 g3 0-1

[Event "POL-chT3"]
[Site "Jastrzebia Gora POL"]
[Date "2016.09.07"]
[Round "5.68"]
[White "Zebracki, Tomasz"]
[Black "Pazderski, Ziemowit"]
[Result "0-1"]
[WhiteElo "2196"]
[BlackElo "2263"]
[EventDate "2016.09.02"]

1.e4 d5 2.exd5 Qxd5 3.Nc3 Qd6 4.d4 Nf6 5.Bc4 a6 6.Nge2 Qc6 7.Qd3 Qxg2 8.
Rg1 Qxh2 9.Bf4 Qh3 10.Qd2 Qd7 11.O-O-O b5 12.Bb3 Bb7 13.Be5 Nc6 14.Qf4 Rc8
15.Ne4 Na5 16.Nxf6+ gxf6 17.Bxf6 Nxb3+ 18.Kb1 exf6 19.Qxf6 Na5 20.Nc3 Qd6 
21.Qxh8 Kd7 22.Qxh7 Qf6 23.Rde1 Kc6 24.Ne4 Qf4 25.Ng5 Qxd4 26.Rd1 Qxf2 27.
Nxf7 Kb6 28.Rgf1 Qg2 29.Rg1 Qf2 30.Rgf1 Qe3 31.Rfe1 Qg3 32.Rg1 Qf4 33.Rgf1
Qa4 34.Nd8 Be4 35.Qh2 Bd6 36.Qg1+ Bc5 37.Qh2 Qc4 38.Rf6+ Ka7 39.Ne6 Bd6 
40.Qf2+ Kb8 41.Rd4 Qc6 42.Ng5 Bg3 43.Rxc6 Bxf2 44.Rxc7 Bxd4 45.Rxc8+ Kxc8 
46.Nxe4 Kd7 47.c3 Bb6 48.Kc2 Ke6 49.b3 Ke5 50.Nd2 Be3 51.Nf3+ Ke4 52.Ne1 
Bf4 53.Nd3 Bd6 54.Nb2 Nc6 55.a4 b4 56.Nc4 Bc5 57.cxb4 Nxb4+ 58.Kc3 Nd5+ 
59.Kb2 Bd4+ 60.Ka3 Kd3 61.Na5 Kc3 62.Nb7 Bf6 63.a5 Be7+ 64.Ka2 Kc2 65.b4 
Nxb4+ 66.Ka3 Nd5+ 67.Ka4 Nc3# 0-1

[Event "POL-chT3"]
[Site "Jastrzebia Gora POL"]
[Date "2016.09.07"]
[Round "5.69"]
[White "Maciaga, Marcin"]
[Black "Ciemniak, Krzysztof"]
[Result "1-0"]
[WhiteElo "2120"]
[BlackElo "2000"]
[EventDate "2016.09.02"]

1.g3 Nf6 2.Bg2 d5 3.c4 c6 4.Nf3 g6 5.cxd5 cxd5 6.d4 Bg7 7.Nc3 O-O 8.Ne5 
Nc6 9.O-O e6 10.Bf4 Nd7 11.Nxc6 bxc6 12.Na4 Ba6 13.Rc1 Qa5 14.Bd6 Rfe8 15.
b4 Qb5 16.e3 e5 17.dxe5 Nxe5 18.Nc5 Nc4 19.a4 Qb6 20.a5 Qb5 21.Nxa6 Qxa6 
22.Bc5 Nb2 23.Qc2 Nd3 24.Rb1 Nxc5 25.Qxc5 Bf8 26.Qc3 Rab8 27.Rfc1 Rec8 28.
e4 Qb7 29.Bh3 Rd8 30.exd5 cxd5 31.b5 Rdc8 32.Bxc8 1-0

[Event "POL-chT3"]
[Site "Jastrzebia Gora POL"]
[Date "2016.09.07"]
[Round "5.70"]
[White "Wisniewski, Przemyslaw"]
[Black "Kowalec, Maciej"]
[Result "1/2-1/2"]
[WhiteElo "1970"]
[BlackElo "2100"]
[EventDate "2016.09.02"]

1.Nf3 d5 2.b3 Nf6 3.Bb2 c5 4.e3 e6 5.Bd3 Bd6 6.Ne5 Nbd7 7.f4 O-O 8.O-O a6 
9.Qe1 Ne4 10.Bxe4 dxe4 11.Qg3 f6 12.Nc4 Bc7 13.a4 b6 14.Nc3 Bb7 15.Ne2 Qe7
16.Qh4 b5 17.axb5 axb5 18.Na3 Bc6 19.Ng3 Bd6 20.c4 b4 21.Nc2 Rxa1 22.Rxa1 
Ra8 23.Rxa8+ Bxa8 24.Qg4 Nf8 25.h4 f5 26.Qg5 h6 27.Qxe7 Bxe7 28.h5 Bc6 29.
Kh2 Be8 30.Ne1 Nd7 31.d3 exd3 32.Nxd3 Bh4 33.Ne5 Bxg3+ 34.Kxg3 Nxe5 35.
Bxe5 Bxh5 36.Bd6 Bd1 37.Bxc5 Bxb3 38.Bxb4 Bxc4 39.Kh4 1/2-1/2